LEADER 01638nam a2200361 u 4500 001 000000049615 003 CaOOAMICUS 005 20070226115130.0 008 000706s2000 it u000 u ita u 020 $a8834891139 (v.1) 020 $a8834893204 (v.2) 035 $a10851747 040 $aPUL$bita 245 03$aIl diritto privato dell'Unione Europea /$ca cura di Antonio Tizzano ; Roberto Adam ... [et al.]. 260 $aTorino :$bG. Giappichelli,$cc2000. 300 $a2 v. (1491 p.) ;$c25 cm 490 1 $aTrattato di diritto privato ;$v26 500 $aContiene indici. 504 $aBibliografia in nota. 650 4$aDiritto privato$zEuropa.$0(OLS)http://pul/subject/20861 700 1 $aAdam, Roberto.$0(OLS)http://pul/name/35855 700 1 $aTizzano, Antonio,$d1940-$0(OLS)http://pul/name/35854 830 0$aTrattato di diritto privato (G. Giappichelli) ;$v26.$0(OLS)http://pul/title/66320 850 $aPUL 852 $aPUL$W1$xSL Diritto e Scienze Sociali 1$y4$m172 M 26.1-2$j65894$nBK-PRI$b $qStampati$B65894$CPULBib$Z2$F65894 $H $81 852 $aPUL$W1$xSL Diritto e Scienze Sociali 1$y4$m172 M 26.1-2$j65894$nBK-PRI$b $qStampati$B65895$CPULBib$Z2$F65895 $H $81 941 1 $a8 961 $aINV: 82153-154 961 $aINV: 82153-154 996 $6020$a8834891139 (v.1)$9(OLS)http://pul/number/62720 996 $6020$a8834893204 (v.2)$9(OLS)http://pul/number/62721 996 $6245$aIl diritto privato dell'Unione Europea$9(OLS)http://pul/title/66885 996 $6260$aTorino :$bG. Giappichelli$9(OLS)http://pul/publisher/49130 LEADER 01270nam a2200301 a 4500 001 000000105458 003 CaOOAMICUS 005 20070607095049.0 008 070607s2007 it 001 u ita d 020 $z978-88-394-0737-5* 040 $aPUG$bita$dPUL$dLDB 041 1 $aita$heng 100 1 $aSeybold, Klaus.$0(OLS)http://pul/name/25738 240 10$aPoetik der Psalmen$lItaliano.$0(OLS)http://pul/title/132721 245 10$aPoetica dei Salmi /$cKlaus Seybold ; edizione italiana di Davide Astori. 260 $aBrescia :$bPaideia,$cc2007. 300 $a365 p. ;$c23 cm 490 1 $aIntroduzione allo studio della Bibbia.$aSupplementi ;$v035 500 $aInclude indici. 504 $aBibliografia: p. [337]-347. 630 04$aBiblia.$pV.T.$pPsalmi.$0(OLS)http://pul/subject/1292 830 0$aIntroduzione allo studio della Bibbia.$pSupplementi ;$v035.$0(OLS)http://pul/title/41883 850 $aPUL 852 $aPUL$W1$xSL Religione 1$y3$m1 C 112.35$j118181$qStampati$B118091$CPULBib$Z2$F118091 $H104422 $82 941 1 $a8 996 $6020$z978-88-394-0737-5*$9(OLS)http://pul/number/134670 996 $6245$aPoetica dei Salmi$9(OLS)http://pul/title/132722 996 $6260$aBrescia :$bPaideia$9(OLS)http://pul/publisher/47884